00403nam a22001217a 4500020001600000082001000016100002200026245011400048260003400162300002700196650003000223700002800253 qHard Cover. a621.3 aKhan, Saeed Ahmed aTo Study Load Flow, Short Circuit and Transient Stability Analysis of a wind Power Plant /cSaeed Ahmed Khan. aIslamabad:bPNEC NUST,c2015. a66 p. :bill. ;c30cm. aControl System MS-Thesis. aDr. Sajjad Haider Zaidi